Botany of the living plant (Record no. 28486)

MARC details
000 -LEADER
fixed length control field 00314nam a2200133Ia 4500
082 ## - DEWEY DECIMAL CLASSIFICATION NUMBER
Classification number 581
Item number BOW
100 ## - MAIN ENTRY--AUTHOR NAME
Personal name BOWER, F O
245 #0 - TITLE STATEMENT
Title Botany of the living plant
260 ## - PUBLICATION, DISTRIBUTION, ETC. (IMPRINT)
Place of publication New York
Name of publisher Hafner
Year of publication 1969
650 ## - SUBJECT ADDED ENTRY--TOPICAL TERM
Topical Term Angiosperm
650 ## - SUBJECT ADDED ENTRY--TOPICAL TERM
Topical Term Bryophyta
942 ## - ADDED ENTRY ELEMENTS (KOHA)
Koha item type Books
Holdings
Withdrawn status Lost status Damaged status Not for loan Home library Current library Date acquired Full call number Accession Number Koha item type
        RRII Library RRII Library 16/12/2021 581 BOW 09086 Books